000 01133cac a2200241 4500
005 20230823115534.0
008 090422s2002 mx 000 0 spa u
020 _a9703201016
050 0 4 _aKGF4400
_bS46 2002
111 1 _aSeminario Nacional Responsabiblidad Social, Autorregulación y Legislación en radio y Televisión
_d(16 al 19 de julio de 2001 :
_cMorelia, Michoacán)
245 1 0 _aResponsabilidad social, autorregulación y legislación en radio y televisión
_c / Armando Alfonso Jiménez, coordinador ; autores Salvador Galván Infante,...[et al].
250 _a1a ed.
260 _aMéxico :
_bUniversidad Nacional Autónoma de México,
_c2002
300 _avii, 149 p. ;
_c21 cm.
490 0 _aEstudios jurídicos ;
_vno. 30
504 _aBibliografía : p. 148-149
650 7 _2lemb
_aTelevisión
_xLegislación
_vCongresos
_zMéxico
650 7 _2lemb
_aRadio
_xLegislación
_vCongresos
_zMéxico
650 7 _2lemb
_aLibertad de prensa
_vCongresos
_zMéxico
650 4 _aResponsabilidad social de la empresa
_vCongresos
_zMéxico
700 1 _aAlfonso Jiménez, Armando,
_ecoordinador
942 _2lcc
_cLIB
999 _c129896
_d129896